Teatro

محفوظ في:
التفاصيل البيبلوغرافية
المؤلف الرئيسي: Pasolini Pier Paolo
التنسيق: كتاب
اللغة:لغة غير معروفة
منشور في: Milano Garzanti 1999
الوسوم: إضافة وسم
لا توجد وسوم, كن أول من يضع وسما على هذه التسجيلة!

MARC

LEADER 00000nam a2200000Ia 4500
001 172
003 NUMERAZIONE-ORIGINALE-BRESCIA
005 20260206230749.0
008 260206s9999 xx 000 0 und d
100 |a Pasolini Pier Paolo 
245 0 |a Teatro 
260 |a Milano 
260 |b Garzanti 
260 |c 1999 
500 |a Gli Elefanti 
942 |2 ddc  |c BK  |n 0 
952 |0 0  |1 0  |2 ddc  |4 0  |6 12  |7 0  |9 28368  |a BS  |b BS  |d 2026-02-06  |i 172  |l 0  |o 1-2-*  |r 2026-02-06 22:40:33  |w 2026-02-06  |x [REVISIONARE]  |y BK 
999 |c 24053  |d 24053